Multifunctional apartment complex Cvernovka in Bratislava

Uložené v:
Podrobná bibliografia
Hlavný autor: Karatzoudis, Panagiotis (Autor)
Ďalší autori: Majcher, Stanislav (Vedúci práce)
Médium: Rukopis Kniha
Jazyk:Slovak
English
Vydavateľské údaje: Bratislava 2016
Predmet:
On-line prístup:http://is.stuba.sk/zp/portal_zp.pl?podrobnosti=121937
Tagy: Pridať tag
Žiadne tagy, Buďte prvý, kto otaguje tento záznam!

MARC

LEADER 00000ntm a22000003a 4500
001 stuzp57089
003 SK-STU
005 20210222133416.6
007 ta
008 150427s2015----xo-----f-mn---000-0-slo-d
040 |a STU  |b slo 
041 0 |a eng 
100 1 |a Karatzoudis, Panagiotis  |u 051110  |4 aut  |U FAD Fakulta architektúry  |T FA Ústav architektúry obytných budov  |X 44980  |U A1110  |Y 392  |7 A000044980 
242 0 1 |a Polyfunkčný bytový komplex Cvernovka v Bratislave.  |y slo 
245 1 0 |a Multifunctional apartment complex Cvernovka in Bratislava 
260 |c 2016  |a Bratislava 
650 4 |a Cvernovka  |2 slo 
650 4 |a Apartment  |2 slo 
650 4 |a Multifuntional  |2 slo 
650 4 |a Cvernovka  |2 eng 
650 4 |a Multifunctional  |2 eng 
650 4 |a Apartment  |2 eng 
700 1 |a Majcher, Stanislav  |u 051110  |k Z1  |4 ths  |U FAD Fakulta architektúry  |T FA Ústav architektúry obytných budov  |X 4410  |U A1110  |Y 392  |7 A000004410 
856 4 |u http://is.stuba.sk/zp/portal_zp.pl?podrobnosti=121937  |u https://opac.crzp.sk/?fn=detailBiblioForm&sid=80CDED8A8239348A66B93CA2C543 
SQL |a stuzp57089  |b DDP  |c ENG  |d Multifunctional apartment complex Cvernovka in Bratislava  |e 44980  |f Karatzoudis, Panagiotis  |g 051110  |h 4410  |i Majcher, Stanislav  |j 20160606  |k 1827  |l 05  |m http://is.stuba.sk/zp/portal_zp.pl?podrobnosti=121937  |n I-ARCHxA  |o 5.1.1. architektúra a urbanizmus